| 000 | 00478cam a22001577a 4500 | ||
|---|---|---|---|
| 008 | 180718b1999 xxu||||| |||| 00| 0 eng d | ||
| 020 | _a7500425643 | ||
| 082 | _aB1x51 H88 | ||
| 245 |
_aHumanities: Chinese academy of social sciences forum _cedited by Shen Jinjian and Shi Muhong |
||
| 260 |
_aBeijing _bChina Social Sciences _c1999 |
||
| 300 | _a296p. | ||
| 650 | _aHumanities - China | ||
| 650 | _aSocial sciences - China | ||
| 700 | _aMuhong, Shi | ||
| 700 | _aJinjian, Shen | ||
| 999 |
_c492503 _d492503 |
||